The Red Badge of Courage

Đã lưu trong:
Chi tiết về thư mục
Tác giả chính: Crane, Stephen
Định dạng: Sách
Ngôn ngữ:Undetermined
Được phát hành: Londres, Inglaterra Collier Books 1969
Những chủ đề:
Các nhãn: Thêm thẻ
Không có thẻ, Là người đầu tiên thẻ bản ghi này!

MARC

LEADER 00000nam a2200000Ia 4500
008 170316s9999 xx 000 0 und d
090 |a 810 C-24r 
100 |a Crane, Stephen 
245 4 |a The Red Badge of Courage 
260 |a Londres, Inglaterra 
260 |b Collier Books 
260 |c 1969 
300 |a 126 páginas 
650 |a LITERATURA ESTADOUNIDENSE 
999 |c 20906  |d 20906 
040 |a cru BVZT 
942 |c 15 D  |h 810 C-24r  |2 z